00614 2200241 4500001002100000005001500021035002000036245006400056100001900120250000600139300003600145700001500181260003700196082000800233084001400241020002200255650001000277990001700287990001700304990001700321990001700338990001700355INLIS00000000000112220190503123534 a0010-05190000131 aKeanekaragaman Hayati /cSusi Laelawati; Editor, Nurhasanah0 aSusi Laelawati a- avi, 130 hlm. :bilus. ;c25 cm.0 aNurhasanah aJakarta :bNobel Edumedia,c2009 a500 a500 SUS k a978-602-8219-67-9 aSains a04010/H/2018 a04011/H/2018 a04012/H/2018 a04013/H/2018 a04014/H/2018